Das Leiden Israels : Eli / In den Wohnungen des Todes / Sternverdunkelung /

Збережено в:
Бібліографічні деталі
Автор: Sachs, Nelly (autor)
Інші автори: Weber, Werner (epílogo) (epílogo)
Формат: Книга
Мова:German
Опубліковано: Frankfurt, Alemania : Suhrkamp, 1966, c1966
Теги: Додати тег
Немає тегів, Будьте першим, хто поставить тег для цього запису!

MARC

LEADER 00000nam^a2200000^a^4500
001 000568453
005 20250521000000.0
009 20260310132148.419
037 |a Acervo ITESO - Biblioteca 
041 |a ALE 
091 |a FGM. 03482 
100 |a Sachs, Nelly  |e (autor) 
245 1 4 |a Das Leiden Israels :  |b Eli / In den Wohnungen des Todes / Sternverdunkelung / 
264 4 |a Frankfurt, Alemania :  |b Suhrkamp,  |c 1966, c1966 
300 |a 179 p. 
336 |a texto  |b txt  |2 rdacontenido 
337 |a sin mediación  |b n  |2 rdamedio 
338 |a volumen  |b nc  |2 rdasoporte 
649 |a XX 
700 |a Weber, Werner  |e (epílogo) 
910 |a Fondo Efraín González Morfín 
920 |a Impresos - Libros 
930 |a Fondos Especiales 
940 |a Literatura 
905 |a 130 
901 |a 0500393355  |b IT2  |c ESL  |i D92701  |u 20250521 
902 |a https://opac.biblio.iteso.mx/vufind/Record/000568453